1445 1994 1430 1744 1697 1017 1317 1308 1662 1990 1793 1763 1966 1267 1299 1269 1970 1062 1048 1460 1150 1388 1863 1649 1317 1018 1587 1137 1342 1905 1214 1385 1436 1584 1253 1229 1522 1872 1312 1909 1159 1739 1709 1299 1282 1692 1377 1680 1526 1297 1307 1183 1142 1213 1576 1084 1049 1483 1701 1809 1987 1479 1579 1175 1421 1884 1998 1557 1121 1595 1892 1433 1503 1699 1698 1186 1009 1047 1823 1693 1695 1973 1643 1834 1299 1462 1108 1132 1811 1816 1339 1193 1668 1937 1464 1735 1204 1852 1235 BCNSPRNW ULIB Ver.6.0+V

เปลี่ยนเป็นภาษาไทย

Change to English
 แสดงรายละเอียดบรรณานุกรม
  กลับหน้าหลัก

Brief Record : Get Marc (ISO 2709) : E-mail record : QR code < ปิดหน้าต่าง
LEADER : 00000nam 2200000uu 4500
001    13399114990
003     ULIB
008    120627s2553||||th 000 0 tha d
020    ^a9786160600885
090    ^aนว.^bท466ม 2553
100 0  ^atintin
245 00 ^a(ไม่) รู้ว่า (ไม่) รัก/^ctintin
250    ^aพิมพ์ครั้งที่ 2
260    ^aกรุงเทพฯ :^bแจ่มใส,^c2553
300    ^a202 หน้า
710 1  ^aแจ่มใส
945    ^p169^l0^i17086
995    ^aกัณชพร
999    ^aใช้งานได้ทุกระบบ
รายการนี้ยังไม่มีแท็ก
คุณยังไม่ได้ล็อกอิน คุณสามารถมีกิจกรรมร่วมกับเว็บไซต์ได้ แต่ต้องล็อกอินก่อน ::
  ล็อกอิน

รายการสื่อสารสนเทศ

ลำดับที่ ประเภท เลขเรียก/บาร์โค้ด สถานที่ สถานะ
1. นวนิยาย
นวนิยาย
นว. ท466ม 2553  
  Barcode: 17086
ห้องสมุดวิทยาเขตสวรรค์ประชารักษ์
►นวนิยาย
บนชั้น
  ขอยืม

BibComment


ยังไม่เคยถูกคอมเมนท์

คอมเมนท์ทรัพยากรรายการนี้
  คอมเมนท์: ไม่ รู้ว่า ไม่ ร..


 Copyright 2026. Bcnsprnw @Library